Sports Quiz

Random Sports or State Quiz

Top 20 Individual WWE United States Title Reigns Quiz Stats

 Plays Quiz not verified by Sporcle

Also try: NFL Leaders (2010)
Challenge
Share
Tweet
Embed
Score 0/20 Timer 10:00
0 Plays Today
Hint Answer % Correct
105 DaysJohn Cena
93.4%
146 DaysRusev
90.2%
351 DaysDean Ambrose
89.1%
114 DaysJohn Cena
84.1%
147 DaysBig Show
78.5%
224 DaysThe Miz
77.5%
97 Days The Miz
77.5%
182 DaysSheamus
77.2%
84 DaysMatt Hardy
74.8%
222 DaysChris Benoit
74.3%
Hint Answer % Correct
343 DaysMontel Vontavious Porter
74%
76 DaysMontel Vontavious Porter
74%
182 DaysDolph Ziggler
73.5%
126 DaysKofi Kingston
73.2%
84 DaysEddie Guerrero
71.4%
176 DaysDaniel Bryan
68.2%
239 DaysAntonio Cesaro
64.7%
240 DaysShelton Benjamin
58.1%
167 DaysSantino Marella
50.9%
173 DaysOrlando Jordan
44.6%

You're not logged in!

Compare scores with friends on all Sporcle quizzes.
OR
Log In

You Might Also Like...

Show Comments

Extras

Top Quizzes Today


Score Distribution

Your Account Isn't Verified!

In order to create a playlist on Sporcle, you need to verify the email address you used during registration. Go to your Sporcle Settings to finish the process.

Report this User

Report this user for behavior that violates our Community Guidelines.

Details: